000 00988nam0a22003011 4500
001 RU\NLR\BIBL_A\022481488
005 20260406083652.0
035 _a(NLR Aleph) 022481488
090 _a13376049
_c13376049
100 _a20250306d1945 u y0rusy50 ca
101 0 _abel
102 _aBY
105 _ay z 000 y
181 0 _ai
_baxxe
182 0 _an
200 1 _aНад Нёманам
_eапавяданнi
_fIлья Гурскi
203 _aТекст
_bвизуальный
_cнепосредственный
210 _aМiнск
_cДзяржаўнае выдавецтва БССР
_d1945
215 _a168 с.
_d14
700 1 _7ca
_8rus
_aГурский
_bИ. Д.
_f1899-1972
_gИлья Данилович
_92650369
_3RU\NLR\AUTH\770278402
852 _aNLR
_jЛ40 Г-1/158
899 _aНБ Беларуси
942 _cBOOK
945 _aРоссийская национальная библиотека
980 _aBEL
980 _aBV
980 _aNB